Análisis de la efectividad de la señalización en el control vial del tránsito vehicular y peatonal
Salvato in:
| Autore principale: | |
|---|---|
| Natura: | Libro |
| Pubblicazione: |
San José, C.R
2000
|
| Soggetti: | |
| Tags: |
Aggiungi Tag
Nessun Tag, puoi essere il primo ad aggiungerne!!
|
MARC
| LEADER | 00000nam a2200000Ia 4500 | ||
|---|---|---|---|
| 003 | 010174 | ||
| 005 | 20221231144210.0 | ||
| 008 | 140114s2000 cr a m 000 ||s d | ||
| 040 | |c cru CEDI | ||
| 090 | |a TFG 4162 | ||
| 100 | |a Gómez Espinoza, Adrián |9 8248 | ||
| 245 | |a Análisis de la efectividad de la señalización en el control vial del tránsito vehicular y peatonal | ||
| 260 | |c 2000 |a San José, C.R | ||
| 300 | |a 174 hojas : ilustraciones a color | ||
| 500 | |a Tesis (licenciatura en ingeniería civil)--Universidad de Costa Rica. Facultad de Ingeniería. Escuela de Ingeniería Civil | ||
| 650 | |x INGENIERÍA DEL TRÁNSITO |x SEÑALES DE TRANSITO |x PEATONES |x COSTA RICA |x MEDIDAS DE SEGURIDAD |9 8249 | ||
| 942 | |c TFG | ||
| 999 | |c 18316 |d 18316 | ||
